Operadores motorizados en línea 6 en el Plantel La Garita
Gardado en:
| Autor Principal: | |
|---|---|
| Formato: | Libro |
| Publicado: |
[San José, Costa Rica]
2009
|
| Materias: | |
| Etiquetas: |
Engadir etiqueta
Sen Etiquetas, Sexa o primeiro en etiquetar este rexistro!
|
MARC
| LEADER | 00000nam a2200000Ia 4500 | ||
|---|---|---|---|
| 003 | 001460 | ||
| 005 | 20221231144045.0 | ||
| 008 | 140114s2009 cr a 000 ||s d | ||
| 040 | |c cru CEDI | ||
| 090 | |a TFG 5979 | ||
| 100 | |a Piña Vásquez, Davy |9 1057 | ||
| 245 | |a Operadores motorizados en línea 6 en el Plantel La Garita | ||
| 260 | |c 2009 |b [San José, Costa Rica] | ||
| 300 | |a xi, 78 hojas; ilustraciones | ||
| 500 | |a Proyecto de graduación (bachillerato en ingeniería eléctrica)--Universidad de Coista Rica. Facultad de Ingeniería. Escuela de Ingeniería eléctrica | ||
| 650 | |x VALVULAS |x AUTOMATIZACION |x SISTEMAS DE CONTROL |x COMBUSTIBLES |9 3538 | ||
| 942 | |c TFG | ||
| 999 | |c 16249 |d 16249 | ||
